Nederlandse gemeenten die beginnen met een Z - Statistieken

Algemene statistieken
  • Deze quiz is 72 keer genomen
  • De gemiddelde score is 9 van 14
Antwoordstatistieken
Nr. Antwoord % Correct
14 Zwolle
88%
1 Zaanstad
80%
10 Zundert
76%
7 Zoetermeer
72%
5 Zeist
68%
2 Zaltbommel
64%
8 Zoeterwoude
64%
11 Zutphen
60%
13 Zwijndrecht
60%
4 Zeewolde
56%
6 Zevenaar
56%
9 Zuidplas
52%
3 Zandvoort
48%
12 Zwartwaterland
8%
Geen overeenkomende quizzen gevonden
Scoreverdeling
Procent van Mensen met Elke Score
Percentiel versus Aantal Correcte Antwoorden
Uw Scoregeschiedenis
U heeft deze quiz nog niet genomen